00703nam a2200205 i 4500003000900000005001700009007000300026008004100029020001800070040003000088082001300118100002500131245010800156264005400264300002600318336002700344337003300371338002800404500006500432DO-SdBNP20240611104115.0ta240611s2024 dr 000 0 spa d a9789945943146 aDO-SdBNPbspacBNPHUerda 4bC1692221 aCalvo, Wendyeautora13aMis regalos :breflexiones diarias para conectar desde tus dones con tus propios regalos /cWendy Calvo 1aSanto Domingo :b[editor no identificado],c2024. a197 páginasc22 cm. 2rdacontentatextobtxt 2rdamediaasin mediaciónbn 2rdacarrieravolumenbnc aIncluye datos biográficos de la autora en la pagina 198.